Populäraste namnen på nyfödda i Sverige 2013 - Statistics

General Stats
  • This quiz has been taken 397 times
  • The average score is 5 of 20
Answer Stats
Hint Answer % Correct
Pojke William
43%
Flicka Alice
40%
Flicka Elsa
35%
Pojke Oscar
34%
Pojke Liam
31%
Flicka Ella
30%
Flicka Olivia
30%
Flicka Maja
28%
Pojke Alexander
27%
Pojke Oliver
27%
Flicka Ebba
26%
Pojke Lucas
24%
Flicka Wilma
24%
Flicka Alva
22%
Pojke Hugo
22%
Flicka Julia
22%
Pojke Axel
19%
Pojke Elias
16%
Flicka Alicia
11%
Pojke Charlie
7%
No matching quizzes found
Score Distribution
Percent of People with Each Score
Percentile by Number Answered
Your Score History
You have not taken this quiz